El sistema jurd̕ico ℓtico cls̀ico

Detalles Bibliográficos
Autor principal: Palao Herrero, Juan
Formato: Desconocido
Lenguaje:español
Publicado: Madrid : Dykinson, D.L.2007
Materias:
Acceso en línea:Acceso restringido

MARC

LEADER 00000ny a22000003n 4500
005 20110519130016.0
008 080604s2007 sp s 001 0 spa d
017 |a D.L.SE-460-2007 
020 |a 9788497729826 
035 |a 2448 
040 |a SpMaUCDE  |d vLex 
080 |a 34(38)(0.034) 
090 |c 48  |d 48 
100 1 |a Palao Herrero, Juan 
245 1 3 |a El sistema jurd̕ico ℓtico cls̀ico  |h [Recurso electrn̤ico]  |c Juan Palao Herrero 
256 |a Servicio en ln̕ea 
260 |a Madrid :  |b Dykinson,  |c D.L.2007 
300 |a 566 p. ;  |c 21 cm 
506 1 |a Contenido solo disponible en los productos indicados  |d vLex Global  |d vLex Global (Academic Edition, excluding Law Schools)  |d vLex Global (U.S. Academic Edition, Law Schools)  |d vLex Global (U.S. Academic Edition, excluding Law Schools)  |d vLex Global (Academic Edition, Law Schools) 
650 0 7 |a Historia del derecho  |2 Tesauro vLex 
650 0 7 |a Teora̕ General del Derecho  |2 Tesauro vLex 
740 0 |a vLex Libros (Servicios en ln̕ea) 
856 4 0 |u http://vlex.com/source/2448  |z Acceso restringido 
942 |c BOOK 
999 0 4 |a History  |v En ln̕ea  |b Spain 
999 0 4 |a Derecho griego  |z Atenas  |v En ln̕ea